<?xml version="1.0" encoding="UTF-8"?>
<record
    xmlns:xsi="http://www.w3.org/2001/XMLSchema-instance"
    xsi:schemaLocation="http://www.loc.gov/MARC21/slim http://www.loc.gov/standards/marcxml/schema/MARC21slim.xsd"
    xmlns="http://www.loc.gov/MARC21/slim">

  <leader>00657nam a22001937a 4500</leader>
  <datafield tag="999" ind1=" " ind2=" ">
    <subfield code="c">182280</subfield>
    <subfield code="d">182280</subfield>
  </datafield>
  <controlfield tag="005">20211108104448.0</controlfield>
  <datafield tag="010" ind1=" " ind2=" ">
    <subfield code="a">UR-11305</subfield>
  </datafield>
  <datafield tag="020" ind1=" " ind2=" ">
    <subfield code="c">300.00</subfield>
    <subfield code="a">-</subfield>
  </datafield>
  <datafield tag="035" ind1=" " ind2=" ">
    <subfield code="a">U-9860</subfield>
  </datafield>
  <datafield tag="037" ind1=" " ind2=" ">
    <subfield code="b">DBAD/PUB</subfield>
  </datafield>
  <datafield tag="082" ind1=" " ind2=" ">
    <subfield code="a">844</subfield>
  </datafield>
  <datafield tag="100" ind1=" " ind2=" ">
    <subfield code="a">&#x63A;&#x644;&#x627; &#x645; &#x627; &#x645;&#x627; &#x645; &#x62D;&#x64A;&#x62F; &#x631; </subfield>
  </datafield>
  <datafield tag="245" ind1=" " ind2=" ">
    <subfield code="a">&#x627; &#x646;&#x62A;&#x62E;&#x627; &#x628; &#x645;&#x636;&#x627; &#x645;&#x64A;&#x646; &#x62D;&#x64A;&#x62F; &#x631; </subfield>
    <subfield code="c">&#x63A;&#x644;&#x627; &#x645; &#x627; &#x645;&#x627; &#x645; &#x62D;&#x64A;&#x62F; &#x631; </subfield>
  </datafield>
  <datafield tag="246" ind1=" " ind2=" ">
    <subfield code="a">Intekhab-e-Mazameen-e-Haider (Urdu)</subfield>
    <subfield code="b">by Syed Ghulam Imam Haider</subfield>
  </datafield>
  <datafield tag="260" ind1=" " ind2=" ">
    <subfield code="a">Tilangana</subfield>
    <subfield code="c">2019 &#x621;</subfield>
    <subfield code="b"> Syed Ghulam Imam Haider</subfield>
  </datafield>
  <datafield tag="270" ind1=" " ind2=" ">
    <subfield code="a">Z-3/238/89/A,Bagdi ParaRoad ,Badartala </subfield>
    <subfield code="b">Kolkata</subfield>
    <subfield code="e">700044</subfield>
    <subfield code="l"> -</subfield>
  </datafield>
  <datafield tag="300" ind1=" " ind2=" ">
    <subfield code="a">288 &#x635; </subfield>
    <subfield code="c">22 Cm(Hb)</subfield>
  </datafield>
  <datafield tag="942" ind1=" " ind2=" ">
    <subfield code="2">ddc</subfield>
    <subfield code="c">UR</subfield>
    <subfield code="h">844</subfield>
    <subfield code="m">&#x62D; &#x64A; &#x62F;  </subfield>
  </datafield>
  <datafield tag="952" ind1=" " ind2=" ">
    <subfield code="0">0</subfield>
    <subfield code="1">0</subfield>
    <subfield code="4">0</subfield>
    <subfield code="7">1</subfield>
    <subfield code="8">NFIC</subfield>
    <subfield code="a">DBAD</subfield>
    <subfield code="b">L</subfield>
    <subfield code="d">2021-11-08</subfield>
    <subfield code="e">DBAD/PUB</subfield>
    <subfield code="g">300.00</subfield>
    <subfield code="l">0</subfield>
    <subfield code="o">844 &#x62D; &#x64A; &#x62F;</subfield>
    <subfield code="p">U-9860</subfield>
    <subfield code="r">2021-11-08 00:00:00</subfield>
    <subfield code="t">1</subfield>
    <subfield code="v">300.00</subfield>
    <subfield code="w">2021-11-08</subfield>
    <subfield code="y">UR</subfield>
  </datafield>
</record>
